Transformácia účtovného výsledku hospodárenia podnikateľského subjektu na základ dane diplomová práca

Gespeichert in:
Bibliographische Detailangaben
1. Verfasser: Draškovičová, Daša
Körperschaft: Národohospodárska fakulta EU. Katedra financií
Weitere Verfasser: Šabíková, Ingrid
Format: Buch
Sprache:Slowakisch
Veröffentlicht: Bratislava 2010
Tags: Tag hinzufügen
Keine Tags, Fügen Sie das erste Tag hinzu!

MARC

LEADER 00000nam$a2200000$$$4500
001 0118884
005 20240318123607.6
041 0 |a slo 
044 |a SK 
245 1 0 |a Transformácia účtovného výsledku hospodárenia podnikateľského subjektu na základ dane  |b diplomová práca  |c Daša Draškovičová ; škol. Ingrid Šabíková 
264 1 |a Bratislava  |c 2010 
300 |a 74 s. 
100 1 |a Draškovičová, Daša 
700 1 |a Šabíková, Ingrid 
710 2 |a Národohospodárska fakulta EU. Katedra financií